[Event "Magyar rapid bajnokság"]
[Site "Ajka"]
[Date "2020.07.17"]
[Round "4.2"]
[White "Balog, Imre"]
[Black "Horvath, Adam"]
[Result "1-0"]
[WhiteElo "2626"]
[BlackElo "2496"]
[PlyCount "45"]
[EventDate "2020.07.17"]
[EventType "swiss"]
[EventRounds "13"]
[EventCountry "HUN"]

1. d4 Nf6 2. Bg5 e6 3. e4 h6 4. Bxf6 Qxf6 5. Nc3 d6 6. Qd2 c6 7. O-O-O Nd7 8.
Nf3 Qd8 9. g4 Be7 10. h4 b5 11. d5 b4 12. Ne2 cxd5 13. exd5 Nb6 14. dxe6 Bxe6
15. Ned4 O-O 16. g5 Bg4 17. gxh6 Bf6 18. hxg7 Re8 19. Rg1 Re4 20. Bd3 Qe8 21.
Bxe4 Qxe4 22. Rde1 Qg6 23. Qf4 1-0

[Event "Magyar rapid bajnokság"]
[Site "Ajka"]
[Date "2020.07.17"]
[Round "4.3"]
[White "Kaczur, Florian"]
[Black "Banusz, Tamas"]
[Result "1-0"]
[WhiteElo "2454"]
[BlackElo "2614"]
[PlyCount "73"]
[EventDate "2020.07.17"]
[EventType "swiss"]
[EventRounds "13"]
[EventCountry "HUN"]

1. e4 d5 2. exd5 Qxd5 3. Nc3 Qd6 4. d4 Nf6 5. Nf3 c6 6. Ne5 Nbd7 7. Nc4 Qc7 8.
Qf3 Nb6 9. Bf4 Qd7 10. Nxb6 axb6 11. O-O-O Qd8 12. h3 e6 13. Bc4 Be7 14. Bb3
Nd5 15. Be5 O-O 16. Kb1 Nxc3+ 17. Qxc3 Bf6 18. Qg3 b5 19. h4 Re8 20. f4 Qe7 21.
h5 h6 22. c3 c5 23. Bc2 cxd4 24. Qd3 Qc5 25. Qh7+ Kf8 26. Bxf6 gxf6 27. Bg6 Qc7
28. Qxh6+ Ke7 29. Bxf7 Qc4 30. Rxd4 Qxa2+ 31. Kc2 b4 32. Bxe8 b3+ 33. Kd3 Qxb2
34. Bg6 Qc2+ 35. Ke3 Qxc3+ 36. Rd3 Qc5+ 37. Kf3 1-0

[Event "Magyar rapid bajnokság"]
[Site "Ajka"]
[Date "2020.07.17"]
[Round "4.4"]
[White "Kozak, Adam"]
[Black "Erdos, Viktor"]
[Result "1-0"]
[WhiteElo "2438"]
[BlackElo "2580"]
[PlyCount "109"]
[EventDate "2020.07.17"]
[EventType "swiss"]
[EventRounds "13"]
[EventCountry "HUN"]

1. Nf3 d5 2. g3 g6 3. Bg2 Bg7 4. d4 Nf6 5. O-O O-O 6. c4 c6 7. Qb3 a5 8. cxd5
a4 9. Qd1 cxd5 10. Nc3 Qa5 11. a3 Ne4 12. Bd2 Nxd2 13. Qxd2 Nc6 14. e3 Rd8 15.
Rac1 Bg4 16. Qc2 Bf5 17. Qe2 Bg4 18. Qc2 Bxf3 19. Bxf3 e5 20. dxe5 d4 21. Bxc6
dxc3 22. Bg2 Bxe5 23. bxc3 Rac8 24. c4 b5 25. c5 Rd2 26. Qe4 Bb2 27. c6 Bxa3
28. Rcd1 Bb2 29. Qg4 f5 30. Qh4 a3 31. Qe7 Kh8 32. Rxd2 Qxd2 33. Qe6 Qd8 34.
Qb3 Qg8 35. Bd5 Qf8 36. Qxb5 Rb8 37. Qc4 Rc8 38. Rd1 Rc7 39. Qb3 Kg7 40. Bf3
Qe7 41. Kg2 Ra7 42. Bd5 Be5 43. Qa2 Qc5 44. Rd2 Ra5 45. Bf3 Ra7 46. Rd5 Qe7 47.
Rb5 Rc7 48. h4 h5 49. Bd5 Qd6 50. Ra5 Bb2 51. Qc4 Re7 52. Ra8 Kh6 53. Rc8 Rc7
54. Rxc7 Qxc7 55. Qf4+ 1-0

[Event "Magyar rapid bajnokság"]
[Site "Ajka"]
[Date "2020.07.17"]
[Round "4.5"]
[White "Antal, Gergely"]
[Black "Korpa, Bence"]
[Result "1/2-1/2"]
[WhiteElo "2537"]
[BlackElo "2427"]
[PlyCount "32"]
[EventDate "2020.07.17"]
[EventType "swiss"]
[EventRounds "13"]
[EventCountry "HUN"]

1. e4 Nc6 2. Nc3 e5 3. g3 Bc5 4. Bg2 d6 5. d3 Nf6 6. Nge2 Be6 7. Nd5 Bxd5 8.
exd5 Ne7 9. c4 a5 10. O-O Nf5 11. Bh3 Nd4 12. Nxd4 Bxd4 13. Qa4+ Kf8 14. Be3
Bxe3 15. fxe3 h5 16. Rf3 Rh6 1/2-1/2

[Event "Magyar rapid bajnokság"]
[Site "Ajka"]
[Date "2020.07.17"]
[Round "4.6"]
[White "Fancsy, Imre"]
[Black "Nagy, Gabor"]
[Result "0-1"]
[WhiteElo "2414"]
[BlackElo "2523"]
[PlyCount "78"]
[EventDate "2020.07.17"]
[EventType "swiss"]
[EventRounds "13"]
[EventCountry "HUN"]

1. Nf3 c5 2. c4 Nc6 3. g3 g6 4. Bg2 Bg7 5. Nc3 d6 6. d3 e6 7. Bg5 Nge7 8. O-O
h6 9. Bd2 O-O 10. a3 Qd7 11. Rb1 b6 12. b4 Bb7 13. Qc1 Kh7 14. b5 Nd4 15. Nxd4
cxd4 16. Na2 Bxg2 17. Kxg2 Rfc8 18. Bb4 Nf5 19. Qf4 d5 20. Rbc1 dxc4 21. dxc4
a5 22. bxa6 Rxa6 23. Rfd1 Rxc4 24. Rxc4 Qd5+ 25. e4 Qxc4 26. exf5 Qxa2 27. f6
Qd5+ 28. Kg1 e5 29. Qh4 Qf3 30. fxg7 Qxd1+ 31. Kg2 Ra8 32. Bf8 Qh5 33. Qf6 Kg8
34. Bb4 Qf5 35. Qe7 Kxg7 36. Bd6 Ra5 37. Qd8 Kh7 38. Bf8 Qe6 39. Bxh6 Qd5+ 0-1

[Event "Magyar rapid bajnokság"]
[Site "Ajka"]
[Date "2020.07.17"]
[Round "4.9"]
[White "Almasi, Zoltan"]
[Black "Dobos, Jozsef"]
[Result "1-0"]
[WhiteElo "2678"]
[BlackElo "2254"]
[PlyCount "47"]
[EventDate "2020.07.17"]
[EventType "swiss"]
[EventRounds "13"]
[EventCountry "HUN"]

1. Nf3 g6 2. d4 Bg7 3. e4 c6 4. h3 d5 5. e5 f6 6. c4 Be6 7. Qb3 Qb6 8. Nc3 dxc4
9. Bxc4 Qxb3 10. axb3 Bxc4 11. bxc4 fxe5 12. Nxe5 Nd7 13. f4 Ngf6 14. O-O O-O
15. Be3 a6 16. g4 Rad8 17. Rad1 e6 18. Kg2 Rfe8 19. Bf2 Nf8 20. Bh4 Rc8 21. b3
b5 22. Ra1 b4 23. Bxf6 Bxf6 24. Ne4 1-0

[Event "Magyar rapid bajnokság"]
[Site "Ajka"]
[Date "2020.07.17"]
[Round "4.10"]
[White "Papp, Gabor"]
[Black "Varga, Peter"]
[Result "1-0"]
[WhiteElo "2603"]
[BlackElo "2323"]
[PlyCount "85"]
[EventDate "2020.07.17"]
[EventType "swiss"]
[EventRounds "13"]
[EventCountry "HUN"]

1. e4 c6 2. d4 d5 3. Nc3 a6 4. Bd3 g6 5. e5 Bg7 6. f4 Nh6 7. Nf3 Bg4 8. h3 Bxf3
9. Qxf3 Nf5 10. Ne2 e6 11. g4 Ne7 12. f5 exf5 13. gxf5 Nxf5 14. Bxf5 gxf5 15.
Rg1 Qh4+ 16. Qg3 Qxg3+ 17. Nxg3 Nd7 18. Nxf5 Bf8 19. Bg5 f6 20. Bxf6 Nxf6 21.
exf6 Kf7 22. Kd2 Rg8 23. Rxg8 Kxg8 24. Rf1 Kf7 25. Rf3 Re8 26. Ne7 Bh6+ 27. Kc3
Bg5 28. Nf5 Re6 29. a4 a5 30. b4 axb4+ 31. Kxb4 Bxf6 32. Kc5 Ke8 33. Kb6 Kd7
34. Kxb7 Re2 35. Ng3 Re6 36. c3 Be7 37. Rf7 Ke8 38. Rxh7 Rf6 39. a5 Rf3 40. a6
Rxc3 41. a7 Rb3+ 42. Kxc6 Ra3 43. Nf5 1-0

[Event "Magyar rapid bajnokság"]
[Site "Ajka"]
[Date "2020.07.17"]
[Round "4.11"]
[White "Csonka, Balazs"]
[Black "Mihok, Oliver"]
[Result "1/2-1/2"]
[WhiteElo "2324"]
[BlackElo "2508"]
[PlyCount "45"]
[EventDate "2020.07.17"]
[EventType "swiss"]
[EventRounds "13"]
[EventCountry "HUN"]

1. e4 e5 2. Nf3 Nc6 3. Bb5 a6 4. Ba4 Nf6 5. O-O b5 6. Bb3 Be7 7. Re1 O-O 8. h3
Bb7 9. d3 d5 10. exd5 Nxd5 11. Nxe5 Nxe5 12. Rxe5 Qd6 13. Re1 Rae8 14. Nd2 c5
15. a4 c4 16. dxc4 Nf4 17. Nf3 Nxg2 18. Qxd6 Nxe1 19. Qb6 Nxf3+ 20. Kf1 Nh2+
21. Kg1 Nf3+ 22. Kf1 Nh2+ 23. Kg1 1/2-1/2

[Event "Magyar rapid bajnokság"]
[Site "Ajka"]
[Date "2020.07.17"]
[Round "4.12"]
[White "Seres, Lajos"]
[Black "Krstulovic, Alex"]
[Result "0-1"]
[WhiteElo "2455"]
[BlackElo "2108"]
[PlyCount "66"]
[EventDate "2020.07.17"]
[EventType "swiss"]
[EventRounds "13"]
[EventCountry "HUN"]

1. d4 c5 2. d5 e6 3. c4 exd5 4. cxd5 f5 5. Nc3 Nf6 6. Nh3 g6 7. Nf4 Na6 8. h4
Qe7 9. g3 d6 10. Bg2 Nc7 11. O-O Bg7 12. Qd3 O-O 13. Bd2 Bd7 14. Rfe1 Rae8 15.
e4 fxe4 16. Nxe4 Bf5 17. f3 Nxe4 18. fxe4 Bd4+ 19. Kh1 Bg4 20. Be3 Bxb2 21.
Rab1 Be5 22. Rxb7 Bc8 23. Rbb1 Ba6 24. Qd2 Qf6 25. Rec1 h6 26. Qe1 Kh7 27. Kg1
Re7 28. Bh3 Bxf4 29. Bxf4 Nxd5 30. Bd2 Qd4+ 31. Kh1 Rxe4 32. Qd1 Re2 33. Rb7+
Bxb7 0-1

[Event "Magyar rapid bajnokság"]
[Site "Ajka"]
[Date "2020.07.17"]
[Round "4.13"]
[White "Ruck, Robert"]
[Black "Acs, Marton"]
[Result "1-0"]
[WhiteElo "2453"]
[BlackElo "2014"]
[PlyCount "77"]
[EventDate "2020.07.17"]
[EventType "swiss"]
[EventRounds "13"]
[EventCountry "HUN"]

1. Nf3 Nf6 2. c4 e6 3. Nc3 Bb4 4. Qc2 c5 5. a3 Ba5 6. g3 Nc6 7. Bg2 O-O 8. O-O
a6 9. d3 Rb8 10. Rb1 d6 11. Na2 b5 12. b4 Bb6 13. cxb5 axb5 14. Nc3 cxb4 15.
axb4 Nd4 16. Nxd4 Bxd4 17. e3 Bxc3 18. Qxc3 Bb7 19. e4 d5 20. Bb2 Rc8 21. Qe5
dxe4 22. dxe4 Qc7 23. Qg5 Ne8 24. Qxb5 Bc6 25. Qe2 Qb7 26. Rfd1 Nc7 27. Qe3 f6
28. Bd4 Nb5 29. Bc5 Rfd8 30. Bh3 Nc7 31. f3 Ra8 32. Rd6 Rxd6 33. Bxd6 e5 34.
Rc1 Nb5 35. Bc5 Ra3 36. Qd2 Qa8 37. Kg2 Kh8 38. Rc2 Qc8 39. Bxc8 1-0

[Event "Magyar rapid bajnokság"]
[Site "Ajka"]
[Date "2020.07.17"]
[Round "4.14"]
[White "Juhasz, Barbara"]
[Black "Horvath, Peter"]
[Result "1-0"]
[WhiteElo "2099"]
[BlackElo "2466"]
[PlyCount "65"]
[EventDate "2020.07.17"]
[EventType "swiss"]
[EventRounds "13"]
[EventCountry "HUN"]

1. e4 c5 2. Nf3 Nc6 3. Bb5 g6 4. Bxc6 dxc6 5. d3 Bg7 6. O-O Nf6 7. h3 O-O 8.
Nc3 b6 9. a4 a5 10. Be3 Re8 11. Qd2 e5 12. Bh6 Qd6 13. Bxg7 Kxg7 14. Rae1 Nh5
15. Ne2 Ra7 16. Qc3 f6 17. g4 Nf4 18. Nxf4 exf4 19. e5 fxe5 20. Nxe5 Kg8 21.
Nc4 Qd8 22. Rxe8+ Qxe8 23. Nxb6 Rf7 24. Re1 Qf8 25. Nxc8 Qxc8 26. Qxc5 f3 27.
Qc4 Kg7 28. Qd4+ Kg8 29. Re5 h5 30. Qe4 Kg7 31. Re6 hxg4 32. Qxg6+ Kf8 33. Qh6+
1-0

[Event "Magyar rapid bajnokság"]
[Site "Ajka"]
[Date "2020.07.17"]
[Round "4.15"]
[White "Terbe, Zsuzsanna"]
[Black "Bagi, Mate"]
[Result "0-1"]
[WhiteElo "2093"]
[BlackElo "2462"]
[PlyCount "50"]
[EventDate "2020.07.17"]
[EventType "swiss"]
[EventRounds "13"]
[EventCountry "HUN"]

1. d4 Nf6 2. Bf4 g6 3. e3 Bg7 4. Nf3 d6 5. h3 O-O 6. Be2 Nbd7 7. O-O Qe8 8. Bh2
e5 9. c4 Ne4 10. Nc3 Nxc3 11. bxc3 b6 12. Nd2 Bb7 13. Nb3 a5 14. a4 Qe7 15. Rb1
Bc6 16. Nc1 e4 17. c5 d5 18. Bxc7 bxc5 19. Bb5 Qf6 20. dxc5 Nxc5 21. c4 dxc4
22. Qd6 Bxb5 23. Qxc5 Bxa4 24. Bxa5 Rfc8 25. Qb4 Bc2 0-1

[Event "Magyar rapid bajnokság"]
[Site "Ajka"]
[Date "2020.07.17"]
[Round "4.17"]
[White "Mester, Gyula"]
[Black "Udvardi, Zalan"]
[Result "1-0"]
[WhiteElo "2426"]
[BlackElo "2078"]
[PlyCount "83"]
[EventDate "2020.07.17"]
[EventType "swiss"]
[EventRounds "13"]
[EventCountry "HUN"]

1. d4 Nf6 2. c4 e6 3. Nc3 Bb4 4. e3 O-O 5. Bd3 c6 6. Nge2 d5 7. a3 Ba5 8. O-O
Nbd7 9. f4 Bc7 10. c5 a5 11. Bd2 b6 12. b4 Ba6 13. Nc1 axb4 14. axb4 Bxd3 15.
Nxd3 b5 16. Qc2 Ne4 17. Nxe4 dxe4 18. Ne5 Nxe5 19. Rxa8 Qxa8 20. fxe5 f5 21.
exf6 Rxf6 22. Rxf6 gxf6 23. Qxe4 Qa1+ 24. Kf2 Qa2 25. Ke1 Qd5 26. Qxd5 exd5 27.
h3 h5 28. Ke2 f5 29. Kf3 Kg7 30. Be1 Kg6 31. Bg3 Bd8 32. Bd6 Bg5 33. Bc7 h4 34.
Bb8 Kh5 35. Bf4 Bf6 36. g4+ hxg3 37. Bxg3 Bg5 38. h4 Bh6 39. Bf4 Bxf4 40. Kxf4
Kxh4 41. Kxf5 Kg3 42. e4 1-0

[Event "Magyar rapid bajnokság"]
[Site "Ajka"]
[Date "2020.07.17"]
[Round "4.18"]
[White "Molnar, Bela"]
[Black "Frink, Ferenc"]
[Result "0-1"]
[WhiteElo "2346"]
[BlackElo "2053"]
[PlyCount "60"]
[EventDate "2020.07.17"]
[EventType "swiss"]
[EventRounds "13"]
[EventCountry "HUN"]

1. e4 Nc6 2. d4 e5 3. Nf3 exd4 4. Bc4 Bc5 5. c3 d3 6. b4 Bb6 7. O-O d6 8. Qxd3
Nf6 9. Bg5 h6 10. Bh4 O-O 11. Nbd2 Ne5 12. Nxe5 dxe5 13. Qc2 Qe7 14. Nb3 Be6
15. Qe2 Rad8 16. a4 a6 17. Rad1 g5 18. Bxe6 Qxe6 19. Bxg5 hxg5 20. Nd2 Qg4 21.
Qc4 Rd7 22. h3 Qf4 23. a5 Ba7 24. Nf3 Rxd1 25. Rxd1 Nxe4 26. Qxc7 Nxf2 27. Rf1
Ne4+ 28. Nd4 Qe3+ 29. Kh2 exd4 30. Rf3 Qxf3 0-1

[Event "Magyar rapid bajnokság"]
[Site "Ajka"]
[Date "2020.07.17"]
[Round "4.19"]
[White "Forgacs, Attila"]
[Black "Szelenyi, Norbert"]
[Result "0-1"]
[WhiteElo "2028"]
[BlackElo "2317"]
[PlyCount "70"]
[EventDate "2020.07.17"]
[EventType "swiss"]
[EventRounds "13"]
[EventCountry "HUN"]

1. e4 c5 2. Nf3 a6 3. c4 e6 4. d4 cxd4 5. Nxd4 Nf6 6. Nc3 d6 7. Be3 Be7 8. Be2
O-O 9. O-O b6 10. Qd2 Bb7 11. f3 Nbd7 12. Rfd1 Rc8 13. Rac1 Re8 14. Bf1 Qc7 15.
b3 Qb8 16. Qf2 Bd8 17. Kh1 Bc7 18. Nde2 h6 19. g4 b5 20. cxb5 axb5 21. Nxb5
Nxe4 22. Qg2 Ng5 23. Ned4 Ne5 24. Bxg5 hxg5 25. a4 Bb6 26. Rxc8 Rxc8 27. Qg3
Rd8 28. Bg2 Ng6 29. Qe1 Qa8 30. Qe3 e5 31. Qxg5 exd4 32. Nxd4 Bxd4 33. Rxd4
Bxf3 34. Qd2 Nh4 35. Bxf3 Nxf3 0-1

[Event "Magyar rapid bajnokság"]
[Site "Ajka"]
[Date "2020.07.17"]
[Round "4.20"]
[White "Egresi, Mate"]
[Black "Miszler, Levente"]
[Result "1-0"]
[WhiteElo "2299"]
[BlackElo "1986"]
[PlyCount "151"]
[EventDate "2020.07.17"]
[EventType "swiss"]
[EventRounds "13"]
[EventCountry "HUN"]

1. d4 e6 2. c4 Nf6 3. Nf3 d5 4. Nc3 Bb4 5. Bg5 h6 6. Bxf6 Qxf6 7. e3 O-O 8. Rc1
Nc6 9. cxd5 exd5 10. Be2 Ne7 11. a3 Bxc3+ 12. Rxc3 c6 13. O-O Nf5 14. b4 Nd6
15. Ne5 Be6 16. Qb3 Rfc8 17. Bd3 Bf5 18. Rc2 Bxd3 19. Qxd3 Qe6 20. Rfc1 f6 21.
Qg6 Qe8 22. Qxe8+ Rxe8 23. Nd3 Nc4 24. a4 a6 25. Nc5 b6 26. Nb3 f5 27. a5 Rab8
28. axb6 Rxb6 29. Na5 Rxb4 30. Nxc4 dxc4 31. Rxc4 Rb2 32. g3 a5 33. Rxc6 a4 34.
Ra6 Reb8 35. Rxa4 Rd2 36. h4 Rbb2 37. Rf1 Kf7 38. h5 Kf6 39. Ra6+ Kf7 40. Kg2
Rbc2 41. Kf3 Rb2 42. Rg6 Ra2 43. g4 fxg4+ 44. Rxg4 Kf6 45. Rg6+ Kf7 46. Rfg1
Rxf2+ 47. Ke4 Rh2 48. Rxg7+ Kf8 49. Rg8+ Kf7 50. R1g7+ Kf6 51. Rg6+ Kf7 52.
R8g7+ Kf8 53. Rh7 Rh4+ 54. Kf3 Ra3 55. Re6 Rh3+ 56. Kf4 Rh4+ 57. Kf5 Ra1 58.
Rhxh6 Rf1+ 59. Ke5 Re1 60. Kd5 Kg7 61. Rhg6+ Kh7 62. h6 Rh5+ 63. Kd6 Rxe3 64.
Rxe3 Kxg6 65. Rf3 Rxh6 66. d5 Rh1 67. Kd7 Rd1 68. d6 Kg7 69. Ke7 Re1+ 70. Kd8
Rd1 71. d7 Rd2 72. Rf4 Re2 73. Kc7 Rc2+ 74. Kd6 Rd2+ 75. Ke6 Re2+ 76. Kd5 1-0

[Event "Magyar rapid bajnokság"]
[Site "Ajka"]
[Date "2020.07.17"]
[Round "4.21"]
[White "Papp, Petra"]
[Black "Ongut, Tamas Gunes"]
[Result "0-1"]
[WhiteElo "2297"]
[BlackElo "1979"]
[PlyCount "164"]
[EventDate "2020.07.17"]
[EventType "swiss"]
[EventRounds "13"]
[EventCountry "HUN"]

1. e4 e5 2. Nf3 Nc6 3. Bb5 a6 4. Ba4 Nf6 5. O-O Be7 6. Re1 b5 7. Bb3 O-O 8. c3
d5 9. exd5 Nxd5 10. Nxe5 Nxe5 11. Rxe5 c6 12. d3 Bd6 13. Re1 Bf5 14. Qf3 Re8
15. Rxe8+ Qxe8 16. Nd2 Qe1+ 17. Nf1 Bg6 18. g3 Re8 19. Bc2 h6 20. Rb1 Qe2 21.
Qxe2 Rxe2 22. Bd2 Bc5 23. d4 Bxc2 24. Rc1 Bb6 25. Rxc2 c5 26. Ne3 cxd4 27. cxd4
Nxe3 28. fxe3 Kh7 29. h4 Ba5 30. Kf1 Rxd2 31. Rc6 Rxb2 32. Rxa6 Bc7 33. g4 Bg3
34. h5 Rf2+ 35. Kg1 Re2 36. Rb6 Rxa2 37. Rxb5 Bf2+ 38. Kf1 Bxe3 39. d5 Ra4 40.
Ke2 Bg5 41. Kf3 Rf4+ 42. Kg3 Rd4 43. Ra5 g6 44. hxg6+ Kxg6 45. Ra6+ f6 46. Ra5
Kf7 47. Ra7+ Ke8 48. Ra5 Kd7 49. Kf3 Kd6 50. Ra8 Kxd5 51. Rd8+ Kc4 52. Rc8+ Kd3
53. Rc6 Rf4+ 54. Kg3 Re4 55. Rd6+ Ke3 56. Ra6 Bf4+ 57. Kh4 Bg5+ 58. Kg3 Ke2 59.
Ra2+ Kd3 60. Ra3+ Kc4 61. Ra4+ Kd5 62. Ra5+ Ke6 63. Ra7 Re3+ 64. Kf2 Rb3 65.
Ra5 Kf7 66. Ra8 Bh4+ 67. Ke2 Rg3 68. Ra4 Kg6 69. Rc4 Kg5 70. Rc8 Kxg4 71. Rg8+
Bg5 72. Ra8 f5 73. Kf2 f4 74. Ra1 Bh4 75. Ke2 f3+ 76. Kf1 Bg5 77. Ra4+ Bf4 78.
Ra6 Rg2 79. Rg6+ Bg5 80. Ra6 Kg3 81. Ra3 Rb2 82. Ra1 Rh2 0-1

[Event "Magyar rapid bajnokság"]
[Site "Ajka"]
[Date "2020.07.17"]
[Round "4.22"]
[White "Zentai, Peter"]
[Black "Mihalyfi, Gabor"]
[Result "1-0"]
[WhiteElo "2267"]
[BlackElo "1960"]
[PlyCount "79"]
[EventDate "2020.07.17"]
[EventType "swiss"]
[EventRounds "13"]
[EventCountry "HUN"]

1. d4 c5 2. d5 Nf6 3. c4 b5 4. Qc2 d6 5. e4 bxc4 6. Bxc4 g6 7. Nf3 Nbd7 8. b3
Bg7 9. Bb2 O-O 10. O-O a5 11. Nc3 Ba6 12. Nd2 Ne5 13. Bxa6 Rxa6 14. Na4 Ned7
15. Nc4 Qc7 16. Rad1 Raa8 17. Rfe1 Ng4 18. Bxg7 Kxg7 19. f4 Rab8 20. Qc3+ Kg8
21. Nxa5 Ra8 22. Nc4 Rfb8 23. h3 Ngf6 24. e5 dxe5 25. fxe5 Nh5 26. e6 fxe6 27.
Rxe6 Ndf6 28. d6 exd6 29. Rxf6 Nxf6 30. Qxf6 d5 31. Rxd5 Rf8 32. Qe6+ Kh8 33.
Qe5+ Qxe5 34. Rxe5 Rfe8 35. Rxe8+ Rxe8 36. Nxc5 Kg7 37. Kf2 Kf6 38. a4 h5 39.
a5 Rb8 40. Nd7+ 1-0

[Event "Magyar rapid bajnokság"]
[Site "Ajka"]
[Date "2020.07.17"]
[Round "4.23"]
[White "Persanyi, Barnabas"]
[Black "Kiss, Pal"]
[Result "1/2-1/2"]
[WhiteElo "2019"]
[BlackElo "2264"]
[PlyCount "46"]
[EventDate "2020.07.17"]
[EventType "swiss"]
[EventRounds "13"]
[EventCountry "HUN"]

1. b3 d5 2. Nf3 Nf6 3. Bb2 c6 4. g3 Bg4 5. Bg2 e6 6. O-O Be7 7. d3 O-O 8. Nbd2
Nbd7 9. c4 a5 10. a3 Qb6 11. Qc2 Rfc8 12. Bc3 Qd8 13. Qb2 Qf8 14. h3 Bh5 15.
Rfe1 b5 16. cxb5 cxb5 17. a4 Bb4 18. Rec1 Bxc3 19. Rxc3 Bxf3 20. Nxf3 b4 21.
Rxc8 Rxc8 22. Rc1 Rxc1+ 23. Qxc1 Qc5 1/2-1/2

[Event "Magyar rapid bajnokság"]
[Site "Ajka"]
[Date "2020.07.18"]
[Round "5.1"]
[White "Balog, Imre"]
[Black "Kaczur, Florian"]
[Result "1/2-1/2"]
[WhiteElo "2626"]
[BlackElo "2454"]
[PlyCount "85"]
[EventDate "2020.07.17"]
[EventType "swiss"]
[EventRounds "13"]
[EventCountry "HUN"]

1. d4 Nf6 2. c4 e6 3. Nf3 Ne4 4. g3 Bb4+ 5. Bd2 Nxd2 6. Nfxd2 O-O 7. Bg2 Be7 8.
Nc3 d6 9. O-O Nd7 10. b4 e5 11. e3 a5 12. a3 Re8 13. Rb1 axb4 14. axb4 exd4 15.
exd4 Nf6 16. Qc2 Bf8 17. b5 g6 18. Rbe1 Bg7 19. Rxe8+ Qxe8 20. Qc1 Qd8 21. Re1
Rb8 22. h3 Bd7 23. Nb3 c6 24. Qa3 cxb5 25. cxb5 Qc7 26. Rc1 Bh6 27. f4 Qb6 28.
Qa5 Qxa5 29. Nxa5 b6 30. Nc4 Bf8 31. g4 Be6 32. Na4 Bxc4 33. Rxc4 d5 34. Rc6
Bg7 35. Kf1 h5 36. g5 Ne4 37. Bxe4 dxe4 38. Rxb6 Rd8 39. Nc5 Bxd4 40. Rc6 Bxc5
41. Rxc5 Rd3 42. Kg2 Rb3 43. Re5 1/2-1/2

[Event "Magyar rapid bajnokság"]
[Site "Ajka"]
[Date "2020.07.18"]
[Round "5.3"]
[White "Aczel, Gergely"]
[Black "Almasi, Zoltan"]
[Result "1-0"]
[WhiteElo "2506"]
[BlackElo "2678"]
[PlyCount "125"]
[EventDate "2020.07.17"]
[EventType "swiss"]
[EventRounds "13"]
[EventCountry "HUN"]

1. d4 Nf6 2. c4 g6 3. f3 Nc6 4. d5 Ne5 5. e4 d6 6. Nc3 Bg7 7. f4 Ned7 8. Nh3 c6
9. Nf2 Qb6 10. Be2 O-O 11. O-O Re8 12. Kh1 a6 13. Qd3 Nc5 14. Qc2 cxd5 15. cxd5
Bd7 16. Be3 Rac8 17. e5 Nh5 18. g4 Nxf4 19. Bxf4 dxe5 20. Be3 Qb4 21. a3 Qb3
22. Qxb3 Nxb3 23. Rad1 f5 24. gxf5 gxf5 25. Rg1 Kh8 26. Bh5 Rg8 27. Bg5 Bf6 28.
Bxf6+ exf6 29. Rxg8+ Kxg8 30. Nd3 Kf8 31. Kg1 Ke7 32. Kf2 Kd6 33. Rg1 Na5 34.
Rg7 Nc4 35. Rf7 Nxb2 36. Rxf6+ Ke7 37. Rf7+ Kd6 38. Rf6+ Ke7 39. Rf7+ Kd6 40.
Nxb2 Rxc3 41. Be2 b5 42. Rxh7 e4 43. Rf7 Rxa3 44. Nd1 Bc8 45. Ne3 Ke5 46. Re7+
Kd6 47. Re8 Bd7 48. Rf8 Ke5 49. Rf7 f4 50. Rxd7 Rxe3 51. d6 Rh3 52. Kg2 f3+ 53.
Kxh3 fxe2 54. Re7+ Kf4 55. d7 e1=Q 56. Rf7+ Ke3 57. d8=Q Ke2 58. Qd4 e3 59.
Qg4+ Kd3 60. Rd7+ Kc3 61. Qd4+ Kb3 62. Qd3+ Kb2 63. Re7 1-0

[Event "Magyar rapid bajnokság"]
[Site "Ajka"]
[Date "2020.07.18"]
[Round "5.4"]
[White "Balogh, Csaba"]
[Black "Ruck, Robert"]
[Result "1/2-1/2"]
[WhiteElo "2653"]
[BlackElo "2453"]
[PlyCount "33"]
[EventDate "2020.07.17"]
[EventType "swiss"]
[EventRounds "13"]
[EventCountry "HUN"]

1. e4 c6 2. d4 d5 3. exd5 cxd5 4. Bd3 Nc6 5. c3 Nf6 6. h3 e5 7. dxe5 Nxe5 8.
Bb5+ Bd7 9. Bxd7+ Qxd7 10. Nf3 Nxf3+ 11. Qxf3 Qe6+ 12. Qe2 Bc5 13. Qxe6+ fxe6
14. Ke2 O-O 15. Be3 Bxe3 16. Kxe3 e5 17. f3 1/2-1/2

[Event "Magyar rapid bajnokság"]
[Site "Ajka"]
[Date "2020.07.18"]
[Round "5.5"]
[White "Korpa, Bence"]
[Black "Papp, Gabor"]
[Result "1/2-1/2"]
[WhiteElo "2427"]
[BlackElo "2603"]
[PlyCount "40"]
[EventDate "2020.07.17"]
[EventType "swiss"]
[EventRounds "13"]
[EventCountry "HUN"]

1. g3 c5 2. Bg2 g6 3. e4 Bg7 4. d3 Nc6 5. f4 e6 6. Nf3 Nge7 7. O-O O-O 8. c3 d5
9. Be3 d4 10. Bf2 dxc3 11. bxc3 b6 12. Qe2 Ba6 13. Rd1 Qc7 14. a4 Rfd8 15. e5
Nd5 16. Ng5 Rd7 17. Ne4 c4 18. d4 Na5 19. Qf3 Bb7 20. Qe2 Rad8 1/2-1/2

[Event "Magyar rapid bajnokság"]
[Site "Ajka"]
[Date "2020.07.18"]
[Round "5.6"]
[White "Meszaros, Tamas"]
[Black "Antal, Gergely"]
[Result "0-1"]
[WhiteElo "2401"]
[BlackElo "2537"]
[PlyCount "70"]
[EventDate "2020.07.17"]
[EventType "swiss"]
[EventRounds "13"]
[EventCountry "HUN"]

1. e4 c6 2. Nf3 d5 3. exd5 cxd5 4. Ne5 Nc6 5. Bb5 Bd7 6. Nxd7 Qxd7 7. d4 a6 8.
Bd3 Nxd4 9. Bxh7 Rxh7 10. Qxd4 Nf6 11. O-O Rc8 12. Qd3 Qc7 13. h3 Qxc2 14. Qf3
e6 15. Nc3 Bb4 16. Ne2 Qe4 17. Qb3 Qxe2 18. Qxb4 Qb5 19. Qf4 Nd7 20. b3 f6 21.
Ba3 Kf7 22. Qd6 Nc5 23. Rac1 b6 24. Rfe1 Rc6 25. Qd8 a5 26. Bxc5 Rxc5 27. Rxc5
Qxc5 28. Qd7+ Qe7 29. Qc8 Rh4 30. Rc1 Kg6 31. Rc7 Qb4 32. Qe8+ Kf5 33. g4+ Ke5
34. Rc1 Rxh3 35. Kg2 Qxg4+ 0-1

[Event "Magyar rapid bajnokság"]
[Site "Ajka"]
[Date "2020.07.18"]
[Round "5.8"]
[White "Berkes, Ferenc"]
[Black "Nemeth, Zoltan"]
[Result "1-0"]
[WhiteElo "2688"]
[BlackElo "2247"]
[PlyCount "47"]
[EventDate "2020.07.17"]
[EventType "swiss"]
[EventRounds "13"]
[EventCountry "HUN"]

1. d4 c5 2. d5 e5 3. e4 d6 4. Nc3 g6 5. Bb5+ Nd7 6. f4 exf4 7. Bxf4 a6 8. Bxd7+
Bxd7 9. Nf3 Bg4 10. O-O Bh6 11. Bxh6 Nxh6 12. Qd2 Ng8 13. e5 Bxf3 14. Rxf3 dxe5
15. Re1 Kf8 16. Rxe5 Qd6 17. Qf4 Qd7 18. Ne4 b6 19. d6 Re8 20. h3 Kg7 21. Nf6
Nxf6 22. Qxf6+ Kg8 23. Re7 Rxe7 24. dxe7 1-0

[Event "Magyar rapid bajnokság"]
[Site "Ajka"]
[Date "2020.07.18"]
[Round "5.9"]
[White "Banusz, Tamas"]
[Black "Kovacs, Klara"]
[Result "1-0"]
[WhiteElo "2614"]
[BlackElo "2196"]
[PlyCount "85"]
[EventDate "2020.07.17"]
[EventType "swiss"]
[EventRounds "13"]
[EventCountry "HUN"]

1. Nf3 d5 2. g3 Bg4 3. Bg2 Nd7 4. O-O Ngf6 5. h3 Bxf3 6. Bxf3 e5 7. d3 c6 8. e4
Bd6 9. exd5 cxd5 10. c4 O-O 11. Nc3 Nb6 12. cxd5 Bc7 13. Qb3 Qd7 14. Kg2 h6 15.
a4 Rfd8 16. Rd1 Nbxd5 17. Nxd5 Nxd5 18. d4 Qe6 19. Qc2 Bb6 20. dxe5 Qxe5 21. a5
Bc5 22. Qc4 Nf6 23. Bf4 Qe7 24. a6 b5 25. Qxb5 Rxd1 26. Rxd1 Re8 27. Rd2 Bb6
28. Re2 Qd8 29. Rxe8+ Nxe8 30. Qc6 Nc7 31. Qxb6 axb6 32. a7 Qa8 33. Bxa8 Nxa8
34. Kf3 Kf8 35. Ke4 Ke7 36. Kd5 Kd7 37. b4 h5 38. h4 f6 39. b5 g6 40. Bb8 g5
41. Bd6 g4 42. Bf4 Kc8 43. Ke4 1-0

[Event "Magyar rapid bajnokság"]
[Site "Ajka"]
[Date "2020.07.18"]
[Round "5.10"]
[White "Erdos, Viktor"]
[Black "Rigo, Janos"]
[Result "1-0"]
[WhiteElo "2580"]
[BlackElo "2183"]
[PlyCount "67"]
[EventDate "2020.07.17"]
[EventType "swiss"]
[EventRounds "13"]
[EventCountry "HUN"]

1. Nf3 c5 2. e4 Nc6 3. Bb5 g6 4. O-O Bg7 5. c3 e6 6. d4 cxd4 7. cxd4 Qb6 8.
Bxc6 bxc6 9. Nc3 Ne7 10. b3 O-O 11. Ba3 Re8 12. Re1 a5 13. Bd6 Ba6 14. Na4 Qa7
15. Rc1 Nc8 16. Bc5 Qb8 17. e5 Bb5 18. Ng5 d6 19. exd6 Nxd6 20. Nb6 Ra6 21. Nc4
Bxc4 22. bxc4 Nf5 23. Nf3 Rd8 24. g4 Nxd4 25. Nxd4 Bxd4 26. Bxd4 c5 27. Be5
Rxd1 28. Bxb8 Rd4 29. h3 h5 30. Be5 Rd3 31. Red1 Rxd1+ 32. Rxd1 Ra8 33. g5 a4
34. a3 1-0